LEADER 01455nam--2200337---450- 001 990003238570203316 005 20090508105142.0 035 $a000323857 035 $aUSA01000323857 035 $a(ALEPH)000323857USA01 035 $a000323857 100 $a20090508d1979----km-y0itay50------ba 101 $aita 102 $aIT 105 $a||||||||001yy 200 1 $aRelazioni lineari binarie tra spazi vettoriali di dimensione finita$eMemoria di Sergio Benenti e Wlodzimier M. Tulczyjew, presentata dal socio corrispondente Dionigi Galletto nell'adunanza del 7 marzo 1979. Relazione letta ed approvata nell'adunanza del 14 novembre 1979 sulla mamoria di Sergio Benenti e Wlodzimier M. Tulczyjew intitolata...$fSergio Benenti 210 $aTorino$cAccademia delle Scienze$d1979 215 $a68-113 p.$d24 cm 225 2 $aMemoria della Accademia delle Scienze di Torino I classe di scienze fisiche, matematiche e naturali 410 0$12001$aMemoria della Accademia delle Scienze di Torino I classe di scienze fisiche, matematiche e naturali 606 0 $aSpazi vettoriali 676 $a512.523 700 1$aBENENTI,$bSergio$0306340 801 0$aIT$bsalbc$gISBD 912 $a990003238570203316 951 $a512.523 BEN$b6733/CBS$c512.523$d00220080 959 $aBK 969 $aSCI 979 $aRSIAV6$b90$c20090508$lUSA01$h1051 996 $aRelazioni lineari binarie tra spazi vettoriali di dimensione finita$91012758 997 $aUNISA LEADER 01446nam 2200373 n 450 001 996392652603316 005 20221108105332.0 035 $a(CKB)1000000000682884 035 $a(EEBO)2240949125 035 $a(UnM)99870806 035 $a(EXLCZ)991000000000682884 100 $a19940914d1643 uy | 101 0 $aeng 135 $aurbn||||a|bb| 200 10$aTo the honorable committee at Bury$b[electronic resource] $eThe humble petition of the chiefe inhabitants of the liberty of St. Ethelred and of Hoxon Hundred, in the county of Suffocke, on the behalfe of themselves and others well-affected 210 $aLondon $cPrinted for Robert Bostocke$d1643 215 $a1 sheet ([1] p.) 300 $aSigned at end: E.I. 300 $aDated at end: Decemb. 12. 1643. 300 $aPraying that all well-affected men in the country between the ages of 16 and 40 may be armed. 300 $aReproduction of the original in the British Library. 330 $aeebo-0018 607 $aGreat Britain$xMilitia$vEarly works to 1800 607 $aGreat Britain$xHistory$yCivil War, 1642-1649$vEarly works to 1800 607 $aSuffolk (England)$xHistory$y17th century$vEarly works to 1800 700 $aE. I$01002017 801 0$bCu-RivES 801 1$bCu-RivES 801 2$bCStRLIN 801 2$bWaOLN 906 $aBOOK 912 $a996392652603316 996 $aTo the honorable committee at Bury$92371821 997 $aUNISA LEADER 03716nam1 2200577 i 450 001 RAV0330519 005 20251003044329.0 010 $a8881148129 020 $aIT$b99-8124 100 $a19990602d1999 ||||0itac50 ba 101 | $aita 102 $ait 181 1$6z01$ai $bxxxe 182 1$6z01$an 200 1 $aˆUn ‰laboratorio della democrazia$epensiero critico e riformismo del CRS, 1979-1998$fa cura di Giuseppe Cotturri$gsaggi di Ingrao ... [et al.] 210 $aNapoli [etc.]$cEdizioni scientifiche italiane$d[1999] 215 $a569 p.$d21 cm 225 | $aRadicalismo & riformismo$v1 300 $aV. pubbl. anche come fascicolo doppio della rivista Democrazia e diritto, a. 1997. 410 0$1001RAV0333713$12001 $aRadicalismo & riformismo$v1 464 1$1001CSA0099765$12001 $aRadicalismo e riformismo nel Crs. Introduzione$fGiuseppe Cotturri.$1700 1$aCotturri$b, Giuseppe$3CFIV085038 464 1$1001CSA0099768$12001 $aLinee di ricerca per una giustizia oltre la crisi $fMarco Ramat.$1700 1$aRamat$b, Marco$3CFIV012697 464 1$1001CSA0099769$12001 $aˆI "‰poteri" si rifondano$equale risposta?$fPietro Ingrao.$1700 1$aIngrao$b, Pietro$3CFIV041784 464 1$1001CSA0099770$12001 $aIstituzioni e democrazia economica$fStefano Rodota'.$1700 1$aRodotà$b, Stefano$3TO0V012219 464 1$1001CSA0099771$12001 $aˆLa "‰questione istituzionale" in Italia dopo l' 89$epercorsi e strategie delle sinistre$fGiuseppe Cotturri.$1700 1$aCotturri$b, Giuseppe$3CFIV085038 464 1$1001CSA0099774$12001 $aˆLa ‰forbice tra critica e crisi$fIda Dominijanni.$1700 1$aDominijanni$b, Ida$3CFIV150716 464 1$1001CSA0099776$12001 $aCrisi dello stato nazionale e democrazia$fPietro Barcellona.$1700 1$aBarcellona$b, Pietro$3CFIV050017 464 1$1001CSA0099777$12001 $aGovernabilita' e rappresentanza alla prova del maggioritario$fGiuseppe Cotturri.$1700 1$aCotturri$b, Giuseppe$3CFIV085038 464 1$1001CSA0099778$12001 $aDare basi razionali e trasparenti al problema dell' autorita' della leadership$fPietro Barcellona.$1700 1$aBarcellona$b, Pietro$3CFIV050017 464 1$1001CSA0099779$12001 $aScenari della globalizzazione e riforme$fAntonio Cantaro.$1700 1$aCantaro$b, Antonio$3CFIV050809 606 $aItalia$xOrdinamento istituzionale$xRiforma$2FIR$3CFIC004398$9I 606 $aItalia$xGoverno$2FIR$3CFIC004999$9E 606 $aRoma$xCentro di studi e iniziative per la riforma dello Stato$xAttività$x1979-1998$2FIR$3CFIC107289$9I 676 $a195$9FILOSOFIA OCCIDENTALE MODERNA. ITALIA$v23 676 $a320.445$9STRUTTURA E FUNZIONI DEL GOVERNO. Italia$v21 676 $a321.80430945$9FORME DEMOCRATICHE. SISTEMI PARLAMENTARI. ITALIA$v20 696 $aRiforma protestante$aOrdinamento politico 699 $aRiforma$yRiforma protestante 699 $aOrdinamento istituzionale$zOrdinamento politico 702 1$aIngrao$b, Pietro$3CFIV041784 702 1$aCotturri$b, Giuseppe$3CFIV085038 801 3$aIT$bIT-000000$c19990602 850 $aIT-BN0095 $aIT-NA0079 901 $bNAP BN$cMAGAZZINO $nmagazzini correnti divisi per anni 901 $bNAP 01$cPOZZO LIB.$nVi sono collocati fondi di economia, periodici di ingegneria e scienze, periodici di economia e statistica e altri fondi comprendenti documenti di economia pervenuti in dono. 912 $aRAV0330519 950 1$aBiblioteca Centralizzata di Ateneo$c1 v.$d 01POZZO LIB.ECON MON 7297$e 0101 0070025325E VMA 1 v. (Precedente collocazione 5 EC 532)$fB $h20220802$i20220802 967 $n10 977 $a 01$a BN 996 $aLaboratorio della democrazia$9630088 997 $aUNISANNIO